| 000 | 00878nam a22002897a 4500 | ||
|---|---|---|---|
| 003 | CHAP | ||
| 005 | 20220329140609.0 | ||
| 008 | 971013s r 00010 d | ||
| 010 | _a54519 | ||
| 011 | _a55491 | ||
| 035 | _a59643 | ||
| 040 | _cCHAP | ||
| 090 | _aR-1735 | ||
| 100 | 0 | 0 |
_aSigurdson, Jon. _9105917 |
| 245 | _aWater policies in India and China | ||
| 500 | _aSobretiro de : AMBIO 6 (1) : 70-76, 1977 | ||
| 590 |
_aBATCH-UPD _b10 _c20130110 _lUCH01 _h0409 |
||
| 590 |
_aBATCH-UPD _b10 _c20130110 _lUCH01 _h2136 |
||
| 590 |
_aBATCH-UPD _b10 _c20130410 _lUCH01 _h0043 |
||
| 590 |
_aBATCH-UPD _b10 _c20130914 _lUCH01 _h1932 |
||
| 590 |
_aCONVERSION _b10 _c20130109 _lUCH01 _h1329 |
||
| 650 | 1 | 4 |
_aPolítica hidráulica _xChina. _990655 |
| 650 | 1 | 4 |
_aPolítica hidráulica _xIndia. _990660 |
| 901 | _aBK | ||
| 942 | _cREIMP | ||
| 949 |
_aR-1735 _bBC _cR _d-128923 _eTS1 _i59643 _si |
||
| 999 |
_c54519 _d54519 |
||